AH International Schools' Libraries

How to pee your pants : (Record no. 49731)

MARC details
000 -LEADER
fixed length control field 02334nam a2200289 4500
020 ## - INTERNATIONAL STANDARD BOOK NUMBER
International Standard Book Number 9781250910172
Qualifying information (hardcover)
020 ## - INTERNATIONAL STANDARD BOOK NUMBER
International Standard Book Number 125091017X
Qualifying information (hardcover)
035 ## - SYSTEM CONTROL NUMBER
System control number (OCoLC)1407026105
040 ## - CATALOGING SOURCE
Original cataloging agency YDX
Language of cataloging eng
Description conventions rda
Transcribing agency YDX
Modifying agency OCLCO
-- BDX
-- CPL
-- OCLCO
-- IG#
-- VP@
-- TOH
-- UIU
-- ILC
-- FLW
-- MWD
-- YDX
-- DLC
042 ## - AUTHENTICATION CODE
Authentication code lccopycat
050 00 - LIBRARY OF CONGRESS CALL NUMBER
Classification number PZ7.1.W5778
Item number Ho 2024
082 04 - DEWEY DECIMAL CLASSIFICATION NUMBER
Classification number [E]
Edition number 23/eng/20241014
100 1# - MAIN ENTRY--PERSONAL NAME
Personal name Wilson, Rachel Michelle,
Relator term author,
-- illustrator.
9 (RLIN) 86845
245 10 - TITLE STATEMENT
Title How to pee your pants :
Remainder of title the right way /
Statement of responsibility, etc Rachel Michelle Wilson.
260 ## - PUBLICATION, DISTRIBUTION, ETC. (IMPRINT)
Name of publisher, distributor, etc Feiwel & Friends;
Date of publication, distribution, etc October 15, 2024.
300 ## - PHYSICAL DESCRIPTION
Extent 32 pages :
Other physical details color illustrations ;
Dimensions 29 cm.
500 ## - GENERAL NOTE
General note Don’t miss this humorous and heartwarming picture book by debut creator Rachel Michelle Wilson about that embarrassing moment in life when you (gasp) pee your pants.<br/><br/><br/>Well, it happened. You peed your pants.<br/><br/>You probably regret that second (okay, third) lemonade.<br/><br/>We’ve all been there.<br/><br/>This book has some tips to get you through it (including but not limited to traffic cone pants, extraterrestrial negotiations, food fights, and other very practical techniques).<br/><br/>With her playful retro palette, debut author-illustrator Rachel Michelle Wilson offers a space to laugh with yourself through one of life’s most embarrassing moments and remember that you’re never as alone as you think.
520 ## - SUMMARY, ETC.
Summary, etc "Well, it happened. You peed your pants. You probably regret that second (okay, third) lemonade. We've all been there. This book has some tips to get you through it (including but not limited to traffic cone pants, extraterrestrial negotiations, food fights, and other very practical techniques). With her playful retro palette, debut author-illustrator Rachel Michelle Wilson offers a space to laugh with yourself through one of life's most embarrassing moments and remember that you're never as alone as you think"--Publisher's website.
650 ## - SUBJECT ADDED ENTRY--TOPICAL TERM
Topical term or geographic name as entry element Urination
Form subdivision Juvenile fiction.
9 (RLIN) 86846
650 #0 - SUBJECT ADDED ENTRY--TOPICAL TERM
Topical term or geographic name as entry element Embarrassment
Form subdivision Juvenile fiction.
9 (RLIN) 45940
650 ## - SUBJECT ADDED ENTRY--TOPICAL TERM
Topical term or geographic name as entry element Humorous stories.
650 ## - SUBJECT ADDED ENTRY--TOPICAL TERM
Topical term or geographic name as entry element JUVENILE FICTION / Health & Daily Living / Toilet Training.
9 (RLIN) 86847
650 ## - SUBJECT ADDED ENTRY--TOPICAL TERM
Topical term or geographic name as entry element Self-consciousness
Form subdivision Juvenile fiction.
9 (RLIN) 86848
650 ## - SUBJECT ADDED ENTRY--TOPICAL TERM
Topical term or geographic name as entry element School children
Form subdivision Juvenile fiction.
9 (RLIN) 55358
655 #7 - INDEX TERM--GENRE/FORM
Genre/form data or focus term Animal fiction.
Source of term lcgft
9 (RLIN) 80983
942 ## - ADDED ENTRY ELEMENTS (KOHA)
Source of classification or shelving scheme
Koha item type Book
Holdings
Withdrawn status Lost status Source of classification or shelving scheme Damaged status Not for loan Home library Current library Date acquired Total Checkouts Full call number Barcode Date last seen Date checked out Price effective from Koha item type
          Logos International School Logos International School 11/12/2025 2 E WIL 041937 02/19/2026 02/12/2026 11/12/2025 Book

For any Logos Library related questions please contact Miss Art at swongnarasuk@asianhope.org.

For any Asian Hope Library related questions please contact Miss Raza at graza@asianhope.org.

Click here to explore our ebooks!

Powered by Koha